Systémový přístup k péči o životní prostředí

Salvato in:
Dettagli Bibliografici
Autore principale: Kasalický, Václav (Autore)
Natura: Libro
Lingua:ceco
Pubblicazione: Praha : Výzkumný ústav výstavby a architektury, 1985
Tags: Aggiungi Tag
Nessun Tag, puoi essere il primo ad aggiungerne!!

MARC

LEADER 00000nam a22000003a 4500
001 stu95019
005 20150617225812.6
008 050715s1985----cs------------------cze-d
040 |a STU  |b slo 
041 0 |a cze 
044 |a cs 
080 |a 504 
080 |a 72 
100 1 |a Kasalický, Václav  |4 aut 
245 1 |a Systémový přístup k péči o životní prostředí 
260 |a Praha :  |b Výzkumný ústav výstavby a architektury,  |c 1985 
300 |a 97 s.;obr.,schémy 
996 |b 284V023289  |c V*4436/K-891  |l VVT  |s A  |a 24  |w stu95019_0001